Financování /

Main Author: Kalouda, František, 1949-
Corporate Author: Vysoké učení technické v Brně. Strojní fakulta
Other Authors: Voznička, Zdeněk, David, Jaromír
Language: Czech
Published: Brno : Vysoké učení technické, 1988
Edition: 1. vyd.
Series: Učební texty vysokých škol / Vysoké učení technické v Brně, fakulta strojní
Physical Description: 104 s.
Book
Saved in:
LEADER 01361nam a22003012a 4500
001 000280762
003 CZ BrMZK
005 20180925151817.0
008 010907s1988 xr f cze d
040 |a BOA001  |b cze  |c BOA003 
080 |a 336(075.8)  |2 MRF 
100 1 |a Kalouda, František,  |d 1949-  |7 jo20010082972  |4 aut 
245 1 0 |a Financování /  |c František Kalouda, Jaromír David, Zdeněk Voznička 
250 |a 1. vyd. 
260 |a Brno :  |b Vysoké učení technické,  |c 1988 
300 |a 104 s. 
490 1 |a Učební texty vysokých škol / Vysoké učení technické v Brně, fakulta strojní 
504 |a Literatura s. 102 
700 1 |a Voznička, Zdeněk  |4 aut 
700 1 |a David, Jaromír  |4 aut 
710 2 |a Vysoké učení technické v Brně.  |b Strojní fakulta  |7 kn20010709428 
810 2 |a Vysoké učení technické v Brně.  |t Učební texty vysokých škol  |0 s 
910 |a BOA001  |b TK-A-0236.742 
990 |a BK 
996 7 |b 2629966196  |c TK-A-0236.742  |l MZK  |r Sklad / do 24 hodin  |n 3  |w 000280762  |u 000040  |a 1  |e BOA001  |j MZK50  |s A 
996 7 |b 2629966197  |c TK-A-0236.742  |l MZK  |r Sklad / do 24 hodin  |n 2  |w 000280762  |u 000020  |a 1  |e BOA001  |j MZK50  |s A 
996 7 |b 2629966198  |c TK-A-0236.742  |l MZK  |r Sklad / do 24 hodin  |n 3  |w 000280762  |u 000030  |a 1  |e BOA001  |j MZK50  |s A 
996 7 |b 2629966199  |c TK-A-0236.742  |l MZK  |r Sklad / do 24 hodin  |n 7  |w 000280762  |u 000010  |a 1  |e BOA001  |j MZK50  |s A